000 00443nam a22001697a 4500
003 OSt
005 20260303001030.0
008 260202b |||||||| |||| 00| 0 eng d
020 _a978-0-06-111845-6
040 _aDWCL-Main Lib
_cOC
082 _aFic. Sp736 2008
100 _aSparks,Kerrelyn
245 _a The undead next door
260 _aNew York :
_bHarper Collins,
_cc2008
300 _a369 p. ;
_c17 cm.
942 _2ddc
_cFIC.
_mFic.
_n0
999 _c8145
_d8145